| 000 | 01066cam a2200241 i 4500 | ||
|---|---|---|---|
| 001 | 18724442 | ||
| 005 | 20260120091255.0 | ||
| 008 | 150731s2016 nyu b 001 0deng | ||
| 010 | _a 2015024645 | ||
| 020 |
_a9781107569829 _q(pbk.) |
||
| 082 | _a303.372 RIC | ||
| 100 | 1 | _aRichards, David A. J. | |
| 245 | 1 | 0 |
_aWhy love leads to justice : _blove across the boundaries / _cDavid A. J. Richards |
| 264 | 1 |
_aNew York : _bCambridge University Press, _c2016. |
|
| 300 |
_axi, 257 p. ; _c24 cm. |
||
| 505 | _aBreaking the Love Laws as Resistance 12 Love and Resistance 31 Christopher Isherwood’s Struggle for a Resistant Voice 73 Wystan Auden on the Anxiety of Manhood 95 Bayard Rustin on Nonviolence 124 James Baldwin on Love and Voice 150 Eleanor Roosevelt Margaret Mead and Ruth Benedict on Resisting 182 Moral Injury and Love Why Love Leads to Justice 209 Bibliography 235 Index 247 Copyright | ||
| 650 | 0 | _aHomosexuality. | |
| 650 | 0 | _aInterracial dating. | |
| 650 | 0 | _aAdultery. | |
| 650 | 0 | _aLove. | |
| 650 | 0 | _aSocial justice. | |
| 942 |
_2ddc _cBK |
||
| 999 |
_c111797 _d111797 |
||